书目信息 |
| 题名: |
食品加工技术、工艺和配方大全续集1 上
|
|
| 作者: | 刘宝家 编 | |
| 分册: | ||
| 出版信息: | 北京 科学技术文献出版社 1993.06 |
|
| 页数: | 426页 | |
| 开本: | 26cm | |
| 丛书名: | ||
| 单 册: | ||
| 中图分类: | TS201.1 | |
| 科图分类: | ||
| 主题词: | 食品工业 | |
| 电子资源: | ||
| ISBN: | 7-5023-1913-1 | |
| 000 | 00644nam0 2200193 450 | |
| 001 | 0835262991 | |
| 005 | 20080918095415.21 | |
| 010 | @a7-5023-1913-1@dCNY17.50 | |
| 100 | @a20080918d1993 km y0chiy0120 ea | |
| 101 | 0 | @achi |
| 102 | @aCN@b110000 | |
| 200 | 1 | @a食品加工技术、工艺和配方大全续集1 上@Ashi pin jia gong ji shu、gong yi he pei fang da quan xu ji 1 shang@f刘宝家等编@Fliu bao jia deng bian |
| 210 | @a北京@c科学技术文献出版社@d1993.06 | |
| 215 | @a426页@d26cm | |
| 606 | 0 | @a食品工业 |
| 690 | @aTS201.1@v4 | |
| 701 | 0 | @a刘宝家@Aliu bao jia@4编 |
| 801 | 0 | @aCN@b大连网信软件有限公司图书馆·11@c20080918 |
| 905 | @aBZT@dTS201.1@e152-1-1 | |
| 食品加工技术、工艺和配方大全续集1 上/刘宝家等编.-北京:科学技术文献出版社,1993.06 |
| 426页;26cm |
| ISBN 7-5023-1913-1:CNY17.50 |
| ● |
| 相关链接 |
|
|
|
正题名:食品加工技术、工艺和配方大全续集1 上
索取号:TS201.1/152-1-1
 
预约/预借
| 序号 | 登录号 | 条形码 | 馆藏地/架位号 | 状态 | 备注 |
| 1 | 064437 | 200935195 | 中心书库中库/ 中库025架A面2列2层20/ [索取号:TS201.1/152-1-1] | 在馆 | |
| 2 | 064438 | 200935186 | 中心书库中库/ 中库025架A面2列2层21/ [索取号:TS201.1/152-1-1] | 在馆 |